000
00285nam a22001097a 4500
082
_a
621 HAR'E
100
_a
HARRIS, N.C
_9
57286
245
_a
EXPERIMENTS IN APPLIED PHYSICS FOR COLLEGE AND TECHNICAL INSTITUTES
260
_a
NEWYORK
_b
MCGRAW HILL
_c
1963
300
_a
256P
942
_c
BK
999
_c
567582
_d
567582